000 00624nam a2200181 i 4500
001 50655
003 ES-MaACL
005 20230906162221.0
007 t|
008 030806s1961 sp a |||| | spa d
100 1 _aCubillo Ferreira, Guillermo.
_941945
245 1 0 _aAminoacidurias en diversos procesos patológicos /
_cGuillermo Cubillo Ferreira.
260 _aTenerife :
_bInstituto de Fisiología y Patología Regionales,
_c1961.
300 _a96 p. :
_bil. ;
_c21 cm.
650 4 _aAminoácidos.
_9150434
710 2 _aInstituto de Fisiología y Patología Regionales de Tenerife.
_94737
852 _aES-MaACL
_jC-21564
999 _c50655
_d50655